• 首页
  • 本馆介绍
  • 公告通知
  • 最新文献
  • 馆藏检索
  • 电子资源
  • 读者导购
  • 参考咨询
  • 我的图书馆
  • 登录
  • 详细信息显示
  • 放入我的书架
  • 预约/预借图书
  • 作者相关作品
  • 分类相关作品
  • 丛书相关作品
  • 出版社相关作品

书目信息

  • 表格格式
  • 工作单格式
  • 卡片格式
题名:
ANSYS Workbench 18.0有限元分析从入门到精通
    
 
作者: 陈艳霞 编著
分册:  
出版信息: 北京   电子工业出版社  2018
页数: xii, 511页
开本: 26cm
丛书名: 技能应用速成系列
单 册:
中图分类: O241.82-39
科图分类:
主题词: 有限元分析--you xian yuan fen xi--应用软件
电子资源:
ISBN: 978-7-121-33576-1
000 01469nam 2200277 450
001 BPC180616102
005 20180411151335.87
010    @a978-7-121-33576-1@b@dCNY79.00
100    @a20180315d2018 em y0chiy50 ea
101 0  @achi
102    @aCN@b110000
105    @aa z 000yy
106    @ar
200 1  @aANSYS Workbench 18.0有限元分析从入门到精通@AANSYS Workbench 18.0 you xian yuan fen xi cong ru men dao jing tong@e升级版@f陈艳霞编著@g
210    @a北京@c电子工业出版社@d2018
215    @axii, 511页@c图@d26cm
225 2  @a技能应用速成系列@Aji neng ying yong su cheng xi lie
330    @a本书分为5部分共19章,第1部分从ANSYS Workbench 18.0各个功能模块着手,介绍常用命令的使用以及几何建模、网格划分和后处理的相关知识;第2部分以项目范例为引导,主要讲解在Workbench平台中进行的结构静力学分析、模态分析、谐响应分析、响应谱分析、瞬态动力学分析和随机振动分析等;第3部分作为结构有限元分析的进阶部分,主要讲解在Workbench平台中进行的显示动力学分析、结构非线性分析、接触分析、特征值屈曲分析等;第4部分以项目范例为引导,主要讲解在Workbench平台中进行的热力学分析、疲劳分析、流体动力学分析和结构优化分析等;第5部分主要介绍多物理场耦合分析中的电磁热耦合分析。
410  0 @12001 @a技能应用速成系列
606 0  @a有限元分析@Ayou xian yuan fen xi@x应用软件
610 0  @aANSYS Workbench@AAnsys workbench
690    @aO241.82-39@v5
701  0 @a陈艳霞@Achen yan xia@4编著
801  0 @aCN@bMUSE@c20181206@g
905    @aBZT@dO241.82-39@e1
906    @dCNY79.00@n3@r1
    
    ANSYS Workbench 18.0有限元分析从入门到精通:升级版/陈艳霞编著.-北京:电子工业出版社,2018
    xii, 511页:图;26cm.-(技能应用速成系列)
    
    
    ISBN 978-7-121-33576-1:CNY79.00
    本书分为5部分共19章,第1部分从ANSYS Workbench 18.0各个功能模块着手,介绍常用命令的使用以及几何建模、网格划分和后处理的相关知识;第2部分以项目范例为引导,主要讲解在Workbench平台中进行的结构静力学分析、模态分析、谐响应分析、响应谱分析、瞬态动力学分析和随机振动分析等;第3部分作为结构有限元分析的进阶部分,主要讲解在Workbench平台中进行的显示动力学分析、结构非线性分析、接触分析、特征值屈曲分析等;第4部分以项目范例为引导,主要讲解在Workbench平台中进行的热力学分析、疲劳分析、流体动力学分析和结构优化分析等;第5部分主要介绍多物理场耦合分析中的电磁热耦合分析。
●
相关链接 在五车中查询图书 在当当中查询图书 在豆瓣中查询图书


正题名:ANSYS Workbench 18.0有限元分析从入门到精通     索取号:O241.82-39/1         预约/预借

序号 登录号 条形码 馆藏地/架位号 状态 备注
1 857253   2000857253   第二书库/ [索取号:O241.82-39/1] 在馆    
2 857254   2000857254   第二书库/ [索取号:O241.82-39/1] 在馆    
3 857255   2000857255   第二书库/ [索取号:O241.82-39/1] 在馆    
山东省滨州职业学院图书馆 欢迎您!
大连网信软件有限公司© 版权所有